Cities with the Most Airports - Statistics

General Stats
  • This quiz has been taken 699 times
  • The average score is 15 of 18
Answer Stats
# Country City % Correct
6 United Kingdom London
99%
7 United States New York
99%
4 France Paris
98%
5 United States Los Angeles
96%
3 Russia Moscow
96%
3 Norway Oslo
94%
3 Spain Barcelona
92%
4 Australia Melbourne
92%
4 Sweden Stockholm
92%
3 Italy Milan
91%
3 United States Chicago
90%
3 Philippines Manila
89%
3 Japan Osaka
86%
3 United States Miami
85%
3 United States San Francisco
85%
4 United States Boston
74%
3 United States Philadelphia
57%
3 United States Baltimore
33%
No matching quizzes found
Score Distribution
Percent of People with Each Score
Percentile by Number Answered
Your Score History
You have not taken this quiz